000 00817nam a22003137a 4500
001 0035583
003 KOHA_MİRAKIL
005 20260207002946.0
007 ta
008 120217b1987 tu |||gr||||#||||0|tur |
020 _a
040 _aTR-BiSEU
_btur
_cTR-BiSEU
_erda
041 0 _atur
044 _ctu
050 _aQM30
_b.C56 1987
100 1 _aÇimen, Ahmet.
245 1 _aAnatomi/
_cAhmet Çimen ; Ahmet Çimen.
250 _a 6.baskı
264 1 _aBursa :
_bUludağ Üniversitesi
_c1987
300 _a675 sayfa; 23 cm.
336 _ametin
_btxt
_2rdacontent
337 _aaracısız
_bn
_2rdamedia
338 _acilt
_bnc
_2rdacarrier
500 _aDizin var.
500 _aKaynakça var.
650 0 _aTıp--Anatomi.
_967936
650 0 _aMedicine--Anatomy.
_967937
942 _2lcc
_cBK
999 _c35486
_d35486